000 01188nam a2200313 a 4500
001 000112896
003 CHAP
005 20220329144326.0
008 170207s2016 mx sm |||||||spa d
010 _a109357
011 _a110329
040 _cCHAP
090 _aTesis
100 1 _aHernández Morales, Luis Manuel
_9131436
245 1 0 _aDiagnóstico nutrimental en el cultivo de litchi (Litchi chinesis Sonn), mediante los índices DOP, en la región centro del Estado de Veracruz
_h[En línea]
_cpor Luis Manuel Hernández Morales.
260 _aChapingo, Méx. :
_bEl autor,
_c2016.
500 _aPara ver el contenido del material haga clic en la liga
502 _aTesis (Ing. Agr. Esp. en Fitotecnia) -- UACH. Departamento de Fitotecnia
590 _aE11695DGD
_b10
_c20170208
_lUCH01
_h1200
590 _aE5765TAJ
_b05
_c20170207
_lUCH01
_h1122
590 _aE5765TAJ
_b05
_c20170207
_lUCH01
_h1122
650 1 4 _aDiagnóstico foliar.
_932394
650 1 4 _aFertilizantes
_xEfecto en litchi.
_940524
650 1 4 _aSuelos
_xQuímica de.
_9110470
856 _aFinding aid
_uhttp://10.13.5.2/tesis/sist112896.pdf
_zTeclea aquí
901 _aBK
942 _cTESIS
942 _n0
999 _c109357
_d109357